000 00362nam a2200145Ia 4500
008 130318s9999 xx 000 0 und d
020 _a007043476x
082 _a00511.1 LIU/E
100 _aLiu, C L
245 _aElements of discrete mathematics
250 _a2
260 _bTata Mc Graw Hill
_aNew Delhi
_c2000
300 _a433
650 _aDISCRETE MATHEMATICS
999 _c302
_d302